Los amigos del crimen perfecto / (Record no. 91879)

MARC details
000 -LEADER
campo de control de longitud fija 00705nam a2200241 i 4500
001 - NÚMERO DE CONTROL
campo de control 91879
003 - IDENTIFICADOR DE NÚMERO DE CONTROL
campo de control ES-MaACL
005 - FECHA Y HORA DE LA ÚLTIMA TRANSACCIÓN
campo de control 20250408063057.0
007 - CAMPO FIJO DE DESCRIPCIÓN FÍSICA--INFORMACIÓN GENERAL
campo de control de longitud fija t|
008 - DATOS DE LONGITUD FIJA--INFORMACIÓN GENERAL
campo de control de longitud fija 050225s2004 sp ||||1| spa d
020 ## - NÚMERO INTERNACIONAL ESTÁNDAR DEL LIBRO
Número Internacional Estándar del Libro 84-233-3501-1
080 ## - NÚMERO DE LA CLASIFICACIÓN DECIMAL UNIVERSAL
Número de la Clasificación Decimal Universal 821.134.2-31"19"
100 0# - ENTRADA PRINCIPAL--NOMBRE DE PERSONA
Nombre de persona Trapiello, Andrés,
Fechas asociadas al nombre 1953-
9 (RLIN) 111233
245 14 - MENCIÓN DEL TÍTULO
Título Los amigos del crimen perfecto /
Mención de responsabilidad, etc. Andrés Trapiello.
250 ## - MENCION DE EDICION
Mención de edición 1ª ed. en Colección Booket.
260 ## - PUBLICACIÓN, DISTRIBUCIÓN, ETC.
Lugar de publicación, distribución, etc. Barcelona :
Nombre del editor, distribuidor, etc. Destino,
Fecha de publicación, distribución, etc. 2004.
300 ## - DESCRIPCIÓN FÍSICA
Extensión 333 p. ;
Dimensiones 18 cm.
490 1# - MENCIÓN DE SERIE
Mención de serie Booket. Novela ;
Designación de volumen o secuencia 2139
830 ## - PUNTO DE ACCESO ADICIONAL DE SERIE-TÍTULO UNIFORME
Título uniforme Novela (Colección Booket)
Designación de volumen o secuencia 2139
9 (RLIN) 234505
852 ## - LOCALIZACIÓN
Ubicación ES-MaACL
Número de control de estantería L-28933
Sublocalización o colección R.135087
942 ## - ELEMENTOS DE ENTRADA SECUNDARIOS (KOHA)
Fuente del sistema de clasificación o colocación Clasificación decimal universal
Holdings
Estatus retirado Estado de pérdida Estado de daño No para préstamo Biblioteca de origen Biblioteca actual Ubicación en estantería Fecha de adquisición Fuente de adquisición Total de préstamos Signatura topográfica completa Código de barras Visto por última vez Precio de reemplazo Tipo de ítem Koha
        Biblioteca del Ateneo de Madrid Biblioteca del Ateneo de Madrid Depósito 2 17/01/2008     L-28933 1095930 23/02/2023 23/02/2023 Libro impreso